000 00443nam a2200193Ia 4500
005 20251020182616.0
008 200515s9999 xx 000 0 und d
082 _aSC/693+694/G18/1
100 _aGALGOCZY, Gábor
245 0 _aDimensionado de construcciones de acero
260 _aBarcelona
260 _c1976
300 _a230
650 _aACERO
650 _aCONCRETO
650 _aCONSTRUCCION
650 _aMADERA
942 _cLIB
999 _c3514
_d3514